BIM: building information model (Record no. 114480)
[ view plain ]
| 000 -LEADER | |
|---|---|
| fixed length control field | 01304cad a22002055a 4500 |
| 001 - CONTROL NUMBER | |
| control field | L156908 |
| 008 - FIXED-LENGTH DATA ELEMENTS--GENERAL INFORMATION | |
| fixed length control field | 300712s2012 xxk f 000 0 eng d |
| 035 ## - SYSTEM CONTROL NUMBER | |
| System control number | (Sirsi) u156908 |
| 041 0# - LANGUAGE CODE | |
| Language code of text/sound track or separate title | eng |
| 110 2# - MAIN ENTRY--CORPORATE NAME | |
| Corporate name or jurisdiction name as entry element | Royal Institution of Chartered Surveyors |
| 9 (RLIN) | 4900 |
| 245 00 - TITLE STATEMENT | |
| Title | BIM: building information model |
| Remainder of title | a full working cost planning bim file |
| Medium | [electronic resource] |
| 260 ## - PUBLICATION, DISTRIBUTION, ETC. | |
| Place of publication, distribution, etc. | S.I |
| Name of publisher, distributor, etc. | RICS |
| -- | 2012 |
| 505 2# - FORMATTED CONTENTS NOTE | |
| Formatted contents note | Introduction -- Software -- How does it work? - Parametric engine -- Views: plans, sections, axonometric -- 'Family' information -- Object embedded data :quality -- Added qs data (+ cost, time) -- Collaboration (in practice) -- International foundation class (ifc) -- RLB development -- Revit plus -- RLBIM: import rlb database -- Revit: select assembly code -- RLBIM: other data -- RLNIM: file exprot/ quantity extraction -- Excel: filtered, grouped, sorted, precoded -- Quantity extraction: example -- Revit: internal cost plan -- NRM capital cost plan in revit -- Summary -- BIM: Building information model. |
| 521 ## - TARGET AUDIENCE NOTE | |
| Target audience note | Advanced |
| 650 24 - SUBJECT ADDED ENTRY--TOPICAL TERM | |
| Topical term or geographic name entry element | BIM |
| 9 (RLIN) | 6219 |
| 651 #4 - SUBJECT ADDED ENTRY--GEOGRAPHIC NAME | |
| Geographic name | International |
| 690 ## - LOCAL SUBJECT ADDED ENTRY--TOPICAL TERM (OCLC, RLIN) | |
| Topical term or geographic name as entry element | Design and specification |
| 856 40 - ELECTRONIC LOCATION AND ACCESS | |
| Uniform Resource Identifier | <a href="https://www.rics.org/site/download_feed.aspx?fileID=11251&fileExtension=PDF">https://www.rics.org/site/download_feed.aspx?fileID=11251&fileExtension=PDF</a> |
| Public note | View the presentation free of charge at www.rics.org... |
| 942 ## - ADDED ENTRY ELEMENTS (KOHA) | |
| Suppress in OPAC | 0 |
| Withdrawn status | Lost status | Source of classification or shelving scheme | Damaged status | Not for loan | Home library | Current library | Shelving location | Date acquired | Total Checkouts | Full call number | Barcode | Date last seen | Copy number | Price effective from | Koha item type |
|---|---|---|---|---|---|---|---|---|---|---|---|---|---|---|---|
| Dewey Decimal Classification | Virtual | Virtual | Online | 30/07/2012 | ONLINE PUBLICATION | 156908-2001 | 06/08/2019 | 1 | 06/08/2019 | Book |